000 00546nam a22001817a 4500
005 20251108175257.0
008 250721s2014 xx 000 0 ara d
082 1 4 _a821/هول
100 1 _aهول، دونالدو
_eمؤلف
245 1 0 _aشهي خسارة كل شئ /
264 _bمؤسسة عمان للصحافة و النشر،
_c2014.
300 _a94ص.
650 1 7 _aالادب المترجم
650 1 7 _aالشعر الامريكي
700 1 _aالسالمي، زاهر
_eمترجم
942 _2ddc
_cBK
999 _c130368
_d130368